000 007270000a22002290004500
003 LK-CoMWRAF
005 20231106130616.0
008 230817t2003 ||||| |||| 00| 0 eng d
040 _aLK-CoMWRAF
_dLK-CoMWRAF
_eLK-CoMWRAF
041 _aeng
082 _a305.42
_bHAR
245 _aThe Harvest:
_btwo years after Khol: An analytical study
260 _aCairo:
_bCenter for Egyptian Women's Legal Assistance (CEWLA) and Women Living Under Muslim Law (WLUML),
_c2003
300 _a85 p. : ill. ; 21 cm.
650 _aDIVORCE(ISLAMIC LAW)
650 _a Women -Legal status, laws, (Islamic law)
700 _aSoliman, Azza
700 _aSalah, Azza
700 _aZakarya, Huda
700 _aTadrous, Mariz
942 _cBK
999 _c1616
_d1616